00372nam a22001217a 4500020000800000040001600008082001900024100002100043245008100064250001200145260005300157300004000210 qPB. cFizza Ishaq a909.09821bMCK aMcKay, P. John.  aA History of Western Society Vol II: from The Renaissance / cJohn P. McKay. a4th Ed. aNew York :bHoughton Mifflin College Div,c1991. a566 p, ;c8.5 x 1.75 x 10.75 inches